1715 1073 1489 1948 1772 1754 1075 1454 1750 1779 1485 1803 1537 1222 1577 1298 1592 1196 1651 1583 1758 1281 1051 1623 1315 1092 1654 1151 1514 1181 1925 1383 1852 1598 1723 1925 1517 1313 1943 1369 1337 1058 1356 1182 1583 1961 1844 1023 1923 1198 1803 1126 1330 1888 1376 1530 1719 1705 1798 1945 1251 1888 1249 1791 1533 1818 1113 1655 1383 1716 1799 1472 1836 1592 1064 1013 1442 1411 1813 1863 1192 1681 1623 1750 1878 1765 1712 1194 1414 1180 1323 1795 1095 1456 1408 1254 2000 1906 1271 BCNSPRNW ULIB Ver.6.0+V

เปลี่ยนเป็นภาษาไทย

Change to English
 แสดงรายละเอียดบรรณานุกรม
  กลับหน้าหลัก

Brief Record : Get Marc (ISO 2709) : E-mail record : QR code < ปิดหน้าต่าง
LEADER : 00000nam 2200000uu 4500
001    13399114212
003     ULIB
008    120305s2546||||th 000 0 tha d
020    ^a9746441841
020    ^a9789746441841
060 04 ^aWG141.5.A9^bส232ค 2546
100 0  ^aสมเกียรติ โสภณธรรมรักษ์
245 10 ^aคู่มือ Cardiac auscultation ร่วมกับ audiotapes เสียงหัวใจ...ง่ายนิดเดียว /^cสมเกียรติ โสภณธรรมรักษ์
246 30 ^aเสียงหัวใจ...ง่ายนิดเดียว
250    ^aพิมพ์ครั้งที่ 1
260    ^aสงขลา :^bหน่วยโรคหัวใจและหลอดเลือด ภาควิชากุมารเวชศาสตร์คณะแพทยศาสตร์ มหาวิทยาลัยสงขลานครินทร์,^c2546
300    ^a75 หน้า :^bภาพประกอบ ;^c21 ซม.
650  4 ^aหัวใจ^xเสียง
650  4 ^aหัวใจ, การฟังตรวจ
710 2  ^aมหาวิทยาลัยสงขลานครินทร์. ^bคณะแพทยศาสตร์.^bภาควิชากุมารเวชศาสตร์. ^bหน่วยโรคหัวใจและหลอดเลือด
945    ^p350^l0^i18871
995    ^aกัณชพร
999    ^aใช้งานได้ทุกระบบ
รายการนี้ยังไม่มีแท็ก
คุณยังไม่ได้ล็อกอิน คุณสามารถมีกิจกรรมร่วมกับเว็บไซต์ได้ แต่ต้องล็อกอินก่อน ::
  ล็อกอิน

รายการสื่อสารสนเทศ

ลำดับที่ ประเภท เลขเรียก/บาร์โค้ด สถานที่ สถานะ
- ไม่พบข้อมูล -

รายการใกล้เคียง
    ผู้แต่ง [สมเกียรติ โสภณธรรมรักษ์]

    หัวเรื่อง [หัวใจ, การฟังตรวจ]

BibComment


ยังไม่เคยถูกคอมเมนท์

คอมเมนท์ทรัพยากรรายการนี้
  คอมเมนท์: คู่มือ Cardiac a..


 Copyright 2026. Bcnsprnw @Library